00771nam a2200181Ia 4500008004100000020001500041041001200056082001600068100001800084245007500102260003900177300000800216650001200224942000700236999001500243952017100258952016000429221030s9999 xx 000 0 und d a007060228X aEnglish a105.23bSpi aM. R. Spiegel 0aVector Analysis & An Introduction To Tensor Analysiscby M. R. Spiegel bMc Graw-Hill Pub.aNew Delhic2000 a225 aPhysics cBK c6745d6745 pBE 2168g14.95l0o105.23 Spir2024-06-13 00:00:00w2022-10-30yBK003Print4070aMIETLIBbMIETLIBcBL-Academic Block - C, FL-2, CUP-7, SH-2, R-2d2000-12-0110HBE pBE 2166g14.95l0o105.23 Spir2024-06-13 00:00:00w2022-10-30yBK003Print4071aMIETLIBbMIETLIBcBL-Second, FL-1, CUP-16, SH-1, R-1d2000-12-0110HBE